Proceedings of photodynamic therapy of cancer : 1-4 September 1993, Budapest, Hungary /
| Corporate Authors: | , , |
|---|---|
| Other Authors: | , , |
| Format: | Book |
| Language: | English |
| Published: |
Bellingham, Wash., USA :
SPIE,
[1994]
|
| Series: | Progress in biomedical optics (Unnumbered)
Proceedings of SPIE--the International Society for Optical Engineering ; v. 2078. Europto series. |
| Subjects: |
MARC
| Tag | First Indicator | Second Indicator | Subfields |
|---|---|---|---|
| LEADER | 00000cam a2200000 a 4500 | ||
| 001 | in00001161521 | ||
| 005 | 20151001082101.0 | ||
| 008 | 940317s1994 waua b 101 0 eng d | ||
| 010 | |a 93086445 | ||
| 020 | |a 0819413453 (pbk.) | ||
| 035 | |a (OCoLC)29980423 | ||
| 035 | |9 AGF4321AM | ||
| 040 | |a SCT |c SCT |d GAT |d TXA |d UtOrBLW | ||
| 049 | |a TXAM | ||
| 090 | |a RC271.P43 |b P77 1994 | ||
| 245 | 0 | 0 | |a Proceedings of photodynamic therapy of cancer : |b 1-4 September 1993, Budapest, Hungary / |c Giulio Jori, Johan Moan, Willem M. Star, chairs/editors ; sponsored by BiOS--Biomedical Optics Society, European Optical Society (EOS), SPIE--the International Society for Optical Engineering ; under the patronage of Domokos Kosáry, Miklos Réthelyi ; hosted by Hungarian Medical Laser and Medical Optics Society, HUNGOPTIKA--SPIE Hungary Chapter, Semmelweis University Laser Center. |
| 264 | 1 | |a Bellingham, Wash., USA : |b SPIE, |c [1994] | |
| 264 | 4 | |c ©1994 | |
| 300 | |a xi, 564 pages : |b illustrations ; |c 28 cm. | ||
| 336 | |a text |b txt |2 rdacontent | ||
| 337 | |a unmediated |b n |2 rdamedia | ||
| 338 | |a volume |b nc |2 rdacarrier | ||
| 490 | 1 | |a Progress in biomedical optics (Unnumbered) | |
| 490 | 1 | |a Proceedings / SPIE--the international society for optical engineering ; |v v. 2078 | |
| 490 | 1 | |a Europto series | |
| 500 | |a Spine title: Photodynamic therapy of cancer. | ||
| 504 | |a Includes bibliographical references and index. | ||
| 650 | 0 | |a Cancer |x Photochemotherapy |v Congresses. | |
| 650 | 0 | |a Lasers in medicine |v Congresses. | |
| 700 | 1 | |a Jori, Giulio. | |
| 700 | 1 | |a Moan, Johan. | |
| 700 | 1 | |a Star, Willem M. | |
| 710 | 2 | |a Biomedical Optics Society. | |
| 710 | 2 | |a European Optical Society. | |
| 710 | 2 | |a Society of Photo-optical Instrumentation Engineers. | |
| 740 | 0 | |a Photodynamic therapy of cancer. | |
| 830 | 0 | |a Progress in biomedical optics (Unnumbered) | |
| 830 | 0 | |a Proceedings of SPIE--the International Society for Optical Engineering ; |v v. 2078. | |
| 830 | 0 | |a Europto series. | |
| 999 | |a MARS | ||
| 999 | f | f | |s c966029a-553f-371f-a101-5da899bf1c89 |i cd4b1992-e21b-3f4a-bd1c-8b27b05600af |t 0 |
| 952 | f | f | |p ric |a Texas A&M University |b Rellis Campus |c Joint Library Facility |d Remote Storage |t 0 |e RC271.P43 P77 1994 |h Library of Congress classification |i unmediated -- volume |m A14818009667 |
| 998 | f | f | |a RC271.P43 P77 1994 |t 0 |l Remote Storage |